[Event "BAN-chT Golden Jubilee 2021-22"]
[Site "Dhaka"]
[Date "2022.03.14"]
[Round "5.6"]
[White "Bharath Subramaniyam H"]
[Black "Aditya Mittal"]
[Result "1/2-1/2"]
[WhiteElo "2508"]
[BlackElo "2487"]
[Annotator "ChessBase"]
[PlyCount "158"]
[EventDate "2022.03.10"]
[EventType "team-tourn"]
[EventCountry "BAN"]
[SourceTitle "playchess.com"]
[Source "ChessBase"]
[SourceQuality "1"]
[TimeControl "40/5400+30:1800+30"]

1. e4 {[%emt 0:00:04]} c5 {[%emt 0:00:08]} 2. Nf3 {[%emt 0:00:07]} d6 {[%emt 0:00:03]} 3. d4 {[%emt 0:00:07]} cxd4 {[%emt 0:00:04]} 4. Qxd4 {[%emt 0:00:12]} Nf6 {[%emt 0:00:31]} 5. Be2 {[%emt 0:00:08]} Nc6 {[%emt 0:01:08]} 6. Qe3 {[%emt 0:00:06]} g6 {[%emt 0:00:26]} 7. O-O {[%emt 0:00:41]} Bg7 {[%emt 0:00:07]} 8. c4 {[%emt 0:00:39]} O-O {[%emt 0:02:09]} 9. Nc3 {[%emt 0:00:12]} Bg4 {[%emt 0:02:12]} 10. Rb1 {[%emt 0:06:40]} Nd7 {[%emt 0:03:49]} 11. b3 {[%emt 0:08:03]} Qb6 {[%emt 0:11:06]} 12. Qd2 {[%emt 0:28:14]} Bxf3 {[%emt 0:19:36]} 13. Bxf3 {[%emt 0:03:21]} Qd4 {[%emt 0:00:17]} 14. Nd5 {[%emt 0:13:21]} Nde5 {[%emt 0:03:36]} 15. Qe2 {[%emt 0:08:27]} Qc5 {[%emt 0:06:37]} 16. Be3 {[%emt 0:09:04]} Qa5 {[%emt 0:01:05]} 17. a4 {[%emt 0:05:23]} e6 {[%emt 0:05:26]} 18. Nf4 {[%emt 0:00:39]} Nd4 {[%emt 0:00:25]} 19. Bxd4 {[%emt 0:00:08]} Nxf3+ {[%emt 0:00:02]} 20. Qxf3 {[%emt 0:00:09]} Bxd4 {[%emt 0:00:01]} 21. Rfd1 {[%emt 0:08:24]} Be5 {[%emt 0:00:12]} 22. Nd3 {[%emt 0:00:19]} Bg7 {[%emt 0:01:09]} 23. e5 {[%emt 0:03:19]} dxe5 {[%emt 0:01:09]} 24. Qxb7 {[%emt 0:00:11]} Rab8 {[%emt 0:00:47]} 25. Qe4 {[%emt 0:02:20]} Rfd8 {[%emt 0:01:20]} 26. Qe2 {[%emt 0:01:01]} Rd4 {[%emt 0:01:11]} 27. Ne1 {[%emt 0:00:41]} Rxd1 {[%emt 0:04:36]} 28. Qxd1 {[%emt 0:00:06]} e4 {[%emt 0:00:33]} 29. Nc2 {[%emt 0:01:45]} Qc3 {[%emt 0:05:35]} 30. Ne3 {[%emt 0:00:12]} Bd4 {[%emt 0:01:23]} 31. Qc2 {[%emt 0:01:10]} Qd3 {[%emt 0:00:41]} 32. Rd1 {[%emt 0:00:44]} Qxc2 {[%emt 0:00:08]} 33. Nxc2 {[%emt 0:00:01]} Bc5 {[%emt 0:01:15]} 34. Na1 {[%emt 0:00:59]} e5 {[%emt 0:00:45]} 35. Kf1 {[%emt 0:00:07]} f5 {[%emt 0:05:29]} 36. Ke2 {[%emt 0:00:17]} a5 {[%emt 0:01:01]} 37. Rd5 {[%emt 0:00:39]} Bd4 {[%emt 0:00:12]} 38. Nc2 {[%emt 0:00:06]} Rxb3 {[%emt 0:00:04]} 39. Nxd4 {[%emt 0:00:09]} exd4 {[%emt 0:00:09]} 40. Rxd4 {[%emt 0:00:00]} Rb4 {[%emt 0:00:00]} 41. Rd5 {[%emt 0:08:56]} Rxa4 {[%emt 0:01:44]} 42. c5 {[%emt 0:01:43]} Rc4 {[%emt 0:02:26]} 43. c6 {[%emt 0:01:15]} a4 {[%emt 0:01:19]} 44. Ra5 {[%emt 0:00:11]} Kf7 {[%emt 0:01:51]} 45. c7 {[%emt 0:00:12]} Rxc7 {[%emt 0:00:07]} 46. Rxa4 {[%emt 0:00:06]} Kf6 {[%emt 0:00:51]} 47. h4 {[%emt 0:05:36]} Kg7 {[%emt 0:10:31]} 48. Ke3 {[%emt 0:15:08]} Kh6 {[%emt 0:04:05]} 49. f3 {[%emt 0:00:06]} Kh5 {[%emt 0:05:04]} 50. fxe4 {[%emt 0:01:49]} Re7 {[%emt 0:00:00]} 51. e5 {[%emt 0:00:52]} Rxe5+ {[%emt 0:00:06]} 52. Kf3 {[%emt 0:00:04]} Re4 {[%emt 0:01:45]} 53. Ra7 {[%emt 0:00:07]} h6 {[%emt 0:00:15]} 54. g3 {[%emt 0:00:00]} Rb4 {[%emt 0:00:10]} 55. Ra5 {[%emt 0:00:38]} Rb3+ {[%emt 0:00:24]} 56. Kg2 {[%emt 0:00:51]} Re3 {[%emt 0:01:59]} 57. Kf2 {[%emt 0:00:32]} Rc3 {[%emt 0:00:19]} 58. Kg2 {[%emt 0:00:11]} Rb3 {[%emt 0:00:07]} 59. Rc5 {[%emt 0:00:45]} Ra3 {[%emt 0:00:16]} 60. Rb5 {[%emt 0:00:12]} g5 {[%emt 0:00:12]} 61. hxg5 {[%emt 0:00:10]} hxg5 {[%emt 0:00:46]} 62. Rxf5 {[%emt 0:00:42]} Kg4 {[%emt 0:00:10]} 63. Rb5 {[%emt 0:00:19]} Rxg3+ {[%emt 0:00:15]} 64. Kh1 {[%emt 0:00:10]} Ra3 {[%emt 0:00:37]} 65. Kg2 {[%emt 0:00:49]} Ra2+ {[%emt 0:00:08]} 66. Kg1 {[%emt 0:00:06]} Kh4 {[%emt 0:00:07]} 67. Rb4+ {[%emt 0:00:07]} g4 {[%emt 0:00:06]} 68. Rb3 {[%emt 0:00:07]} Re2 {[%emt 0:00:12]} 69. Ra3 {[%emt 0:00:16]} Kg5 {[%emt 0:00:04]} 70. Ra5+ {[%emt 0:00:08]} Kf4 {[%emt 0:00:04]} 71. Ra4+ {[%emt 0:00:07]} Kf3 {[%emt 0:00:27]} 72. Ra3+ {[%emt 0:00:07]} Re3 {[%emt 0:00:02]} 73. Rxe3+ {[%emt 0:00:21]} Kxe3 {[%emt 0:00:01]} 74. Kg2 {[%emt 0:00:08]} Kf4 {[%emt 0:00:02]} 75. Kf2 {[%emt 0:00:07]} g3+ {[%emt 0:00:02]} 76. Kg2 {[%emt 0:00:08]} Kg4 {[%emt 0:00:02]} 77. Kg1 {[%emt 0:00:10]} Kh3 {[%emt 0:00:02]} 78. Kh1 {[%emt 0:00:09]} g2+ {[%emt 0:00:02]} 79. Kg1 {[%emt 0:00:06]} Kg3 {[%emt 0:00:03]} 1/2-1/2

[Event "BAN-chT Golden Jubilee 2021-22"]
[Site "Dhaka"]
[Date "2022.03.14"]
[Round "5.7"]
[White "Pranav Vijay"]
[Black "Nitish Belurkar"]
[Result "1-0"]
[WhiteElo "2265"]
[BlackElo "2447"]
[Annotator "ChessBase"]
[PlyCount "105"]
[EventDate "2022.03.10"]
[EventType "team-tourn"]
[EventCountry "BAN"]
[SourceTitle "playchess.com"]
[Source "ChessBase"]
[SourceQuality "1"]
[TimeControl "40/5400+30:1800+30"]

1. e4 {[%emt 0:00:08]} e6 {[%emt 0:00:10]} 2. d4 {[%emt 0:00:07]} d5 {[%emt 0:00:04]} 3. Nc3 {[%emt 0:00:08]} Bb4 {[%emt 1:31:46]} 4. e5 {[%emt 0:00:14]} c5 {[%emt 0:00:00]} 5. a3 {[%emt 0:00:06]} Bxc3+ {[%emt 0:00:00]} 6. bxc3 {[%emt 0:00:07]} Ne7 {[%emt 0:01:30]} 7. h4 {[%emt 0:00:28]} Qc7 {[%emt 0:00:00]} 8. h5 {[%emt 0:00:30]} h6 {[%emt 0:00:00]} 9. Nf3 {[%emt 0:00:32]} b6 {[%emt 0:00:00]} 10. Bb5+ {[%emt 0:04:46]} Bd7 {[%emt 0:00:00]} 11. Bd3 {[%emt 0:00:17]} Ba4 {[%emt 0:00:00]} 12. Rh4 {[%emt 0:01:49]} c4 {[%emt 0:00:00]} 13. Bf1 {[%emt 0:01:35]} Nd7 {[%emt 0:00:00]} 14. g3 {[%emt 0:03:30]} O-O-O {[%emt 0:04:00]} 15. Bh3 {[%emt 0:06:03]} Kb7 {[%emt 0:00:00]} 16. Rf4 {[%emt 0:02:37]} Rdf8 {[%emt 0:01:00]} 17. Kf1 {[%emt 1:16:03]} Qc6 {[%emt 0:00:00]} 18. Qe2 {[%emt 0:00:30]} Qc8 {[%emt 0:00:00]} 19. Ra2 {[%emt 0:00:30]} Qe8 {[%emt 0:00:00]} 20. Nh4 {[%emt 0:00:00]} g5 {[%emt 0:00:00]} 21. hxg6 {[%emt 0:00:00]} fxg6 {[%emt 0:02:30]} 22. Rxf8 {[%emt 0:00:00]} Nxf8 {[%emt 0:00:00]} 23. Bg4 {[%emt 0:00:00]} Qf7 {[%emt 0:01:00]} 24. Rb2 {[%emt 0:02:30]} a5 {[%emt 0:00:00]} 25. Bf3 {[%emt 0:00:00]} Ka7 {[%emt 0:00:00]} 26. Kg1 {[%emt 0:00:00]} Nd7 {[%emt 0:00:00]} 27. Ng2 {[%emt 0:01:30]} Nf5 {[%emt 0:00:00]} 28. Nf4 {[%emt 0:00:00]} Re8 {[%emt 0:00:00]} 29. Rb1 {[%emt 0:00:00]} Nf8 {[%emt 0:00:00]} 30. Ng2 {[%emt 0:00:00]} Nd7 {[%emt 0:00:00]} 31. g4 {[%emt 0:00:00]} Ng7 {[%emt 0:00:00]} 32. Bxh6 {[%emt 0:00:00]} Rf8 {[%emt 0:00:00]} 33. Nf4 {[%emt 0:00:00]} g5 {[%emt 0:00:00]} 34. Bxg7 {[%emt 0:00:00]} Qxf4 {[%emt 0:00:00]} 35. Bxf8 {[%emt 0:00:00]} Nxf8 {[%emt 0:00:00]} 36. Qe3 {[%emt 0:00:00]} Qf7 {[%emt 0:00:00]} 37. Bg2 {[%emt 0:05:00]} Qe7 {[%emt 0:07:00]} 38. f4 {[%emt 0:00:00]} Bxc2 {[%emt 0:00:00]} 39. Ra1 {[%emt 0:01:00]} Bd3 {[%emt 0:01:00]} 40. fxg5 {[%emt 0:00:30]} a4 {[%emt 0:00:30]} 41. Bf1 {[%emt 0:00:00]} Be4 {[%emt 0:30:30]} 42. Ra2 {[%emt 0:31:00]} Nh7 {[%emt 0:00:30]} 43. Bxc4 {[%emt 0:00:00]} Nxg5 {[%emt 0:00:00]} 44. Be2 {[%emt 0:01:00]} Qg7 {[%emt 0:01:00]} 45. Bd1 {[%emt 0:00:30]} b5 {[%emt 0:00:30]} 46. Rb2 {[%emt 0:00:30]} Qe7 {[%emt 0:00:30]} 47. c4 {[%emt 0:00:30]} dxc4 {[%emt 0:00:30]} 48. d5+ {[%emt 0:00:00]} Ka6 {[%emt 0:00:00]} 49. d6 {[%emt 0:00:00]} Qg7 {[%emt 0:00:00]} 50. Qc5 {[%emt 0:01:30]} Qd7 {[%emt 0:00:00]} 51. Bxa4 {[%emt 0:00:00]} Bc6 {[%emt 0:00:00]} 52. Bxb5+ {[%emt 0:00:00]} Bxb5 {[%emt 0:00:00]} 53. a4 {[%emt 0:00:00]} 1-0

[Event "BAN-chT Golden Jubilee 2021-22"]
[Site "Dhaka"]
[Date "2022.03.14"]
[Round "5.8"]
[White "Ikramul, Haq Siam"]
[Black "Chatterjee, Debaraj"]
[Result "1/2-1/2"]
[WhiteElo "2075"]
[BlackElo "2196"]
[Annotator "NA"]
[PlyCount "60"]
[EventDate "2022.03.10"]
[EventType "team-tourn"]
[EventCountry "BAN"]
[SourceTitle "playchess.com"]
[Source "ChessBase"]
[SourceQuality "1"]
[TimeControl "40/5400+30:1800+30"]

1. d4 {[%emt 0:00:02]} c5 {[%emt 0:02:12]} 2. d5 {[%emt 0:00:05]} d6 {[%emt 0:01:06]} 3. e4 {[%emt 0:02:14]} Nf6 {[%emt 0:00:13]} 4. Nc3 {[%emt 0:00:06]} g6 {[%emt 0:00:27]} 5. Bb5+ {[%emt 0:01:28]} Nbd7 {[%emt 0:00:45]} 6. a4 {[%emt 0:00:02]} Bg7 {[%emt 0:00:12]} 7. Nf3 {[%emt 0:00:03]} O-O {[%emt 0:00:14]} 8. O-O {[%emt 0:01:14]} a6 {[%emt 0:01:17]} 9. Bd3 {[%emt 0:00:25]} Rb8 {[%emt 0:05:41]} 10. Re1 {[%emt 0:01:36]} Nh5 {[%emt 0:07:01]} 11. g4 {[%emt 0:15:27]} Nhf6 $1 {[%emt 0:00:56]} 12. h3 {[%emt 0:00:01]} h5 {[%emt 0:01:28]} 13. g5 {[%emt 0:00:38]} Ne8 {[%emt 0:00:17]} 14. Bf1 {[%emt 0:00:24]} Nc7 {[%emt 0:09:59]} 15. a5 {[%emt 0:10:16]} b5 {[%emt 0:04:59]} 16. axb6 {[%emt 0:00:08]} Rxb6 {[%emt 0:00:03]} 17. Bg2 {[%emt 0:06:57]} Rb8 {[%emt 0:06:27]} 18. Nd2 {[%emt 0:02:01]} Nb5 $14 {[%emt 0:03:20]} 19. Na4 {[%emt 0:02:55]} e6 {[%emt 0:11:46]} 20. Nc4 {[%emt 0:01:08]} exd5 {[%emt 0:00:45]} 21. exd5 {[%emt 0:00:21]} Re8 {[%emt 0:18:17]} 22. Rxe8+ {[%emt 0:08:24]} Qxe8 {[%emt 0:02:09]} 23. c3 {[%emt 0:00:03]} Ne5 {[%emt 0:02:59]} 24. Nab6 {[%emt 0:08:16]} Nxc4 {[%emt 0:09:30]} 25. Nxc4 {[%emt 0:00:04]} Bb7 {[%emt 0:01:45]} 26. Bf4 {[%emt 0:03:43]} Qd7 {[%emt 0:00:44]} 27. Qd3 {[%emt 0:07:43]} Re8 {[%emt 0:00:25]} 28. Qg3 {[%emt 0:08:34]} Bf8 {[%emt 0:01:01]} 29. Qd3 {[%emt 0:05:33]} Bg7 {[%emt 0:02:14]} 30. Qg3 {[%emt 0:03:07]} Bf8 {[%emt 0:00:17]} 1/2-1/2

[Event "BAN-chT Golden Jubilee 2021-22"]
[Site "Dhaka"]
[Date "2022.03.14"]
[Round "5.9"]
[White "Mehdi Hasan Parag"]
[Black "Sadnan Hasan, Dihan"]
[Result "1/2-1/2"]
[WhiteElo "2258"]
[BlackElo "2152"]
[Annotator "ChessBase"]
[PlyCount "118"]
[EventDate "2022.03.10"]
[EventType "team-tourn"]
[EventCountry "BAN"]
[SourceTitle "playchess.com"]
[Source "ChessBase"]
[SourceQuality "1"]
[TimeControl "40/5400+30:1800+30"]

1. e4 {[%emt 0:00:14]} e5 {[%emt 0:00:48]} 2. Nf3 {[%emt 0:00:20]} Nc6 {[%emt 0:00:07]} 3. Bc4 {[%emt 0:00:15]} Be7 {[%emt 0:00:03]} 4. O-O {[%emt 0:01:31]} Nf6 {[%emt 0:00:03]} 5. d3 {[%emt 0:00:52]} O-O {[%emt 0:00:10]} 6. a4 {[%emt 0:00:19]} d6 {[%emt 0:01:04]} 7. Re1 {[%emt 0:00:23]} Be6 {[%emt 0:01:55]} 8. Nc3 {[%emt 0:00:18]} Bg4 {[%emt 0:12:01]} 9. h3 {[%emt 0:00:14]} Bxf3 {[%emt 0:00:41]} 10. Qxf3 {[%emt 0:00:08]} Nd4 {[%emt 0:00:14]} 11. Qd1 {[%emt 0:00:10]} c6 {[%emt 0:00:04]} 12. Ne2 {[%emt 0:01:16]} Nxe2+ {[%emt 0:00:08]} 13. Qxe2 {[%emt 0:00:11]} Re8 {[%emt 0:00:58]} 14. Bb3 {[%emt 0:00:45]} Bf8 {[%emt 0:00:20]} 15. Bg5 {[%emt 0:00:34]} h6 {[%emt 0:00:14]} 16. Bh4 {[%emt 0:00:35]} g5 {[%emt 0:01:04]} 17. Bg3 {[%emt 0:00:12]} Nd7 {[%emt 0:04:01]} 18. Qh5 {[%emt 0:07:25]} Qf6 {[%emt 0:00:10]} 19. h4 {[%emt 0:05:20]} Nc5 {[%emt 0:00:21]} 20. hxg5 {[%emt 0:00:35]} hxg5 {[%emt 0:00:03]} 21. Ba2 {[%emt 0:00:44]} Ne6 {[%emt 0:00:12]} 22. Re3 {[%emt 0:01:35]} Qh6 {[%emt 0:06:04]} 23. Qg4 {[%emt 0:01:11]} Be7 {[%emt 0:01:50]} 24. Bh2 {[%emt 0:03:48]} Kg7 {[%emt 0:00:52]} 25. Rae1 {[%emt 0:14:19]} Rh8 {[%emt 0:01:17]} 26. Rh3 {[%emt 0:01:24]} Qg6 {[%emt 0:00:04]} 27. Bxe6 {[%emt 0:05:59]} Qxe6 {[%emt 0:00:30]} 28. Qxe6 {[%emt 0:00:38]} fxe6 {[%emt 0:00:03]} 29. Rxh8 {[%emt 0:00:40]} Rxh8 {[%emt 0:00:04]} 30. f3 {[%emt 0:00:27]} Bd8 {[%emt 0:02:55]} 31. g4 {[%emt 0:03:52]} Ba5 {[%emt 0:03:55]} 32. c3 {[%emt 0:00:28]} Rc8 {[%emt 0:00:37]} 33. Kg2 {[%emt 0:00:21]} c5 {[%emt 0:01:44]} 34. Bg1 {[%emt 0:02:15]} a6 {[%emt 0:01:27]} 35. Be3 {[%emt 0:00:20]} Bd8 {[%emt 0:00:08]} 36. Rh1 {[%emt 0:03:42]} Bf6 {[%emt 0:01:29]} 37. Kf2 {[%emt 0:02:28]} Rb8 {[%emt 0:00:13]} 38. Ke2 {[%emt 0:01:58]} Rh8 {[%emt 0:05:46]} 39. Rxh8 {[%emt 0:00:16]} Kxh8 {[%emt 0:00:01]} 40. Kd2 {[%emt 0:00:00]} Kg7 {[%emt 0:00:00]} 41. Kc2 {[%emt 0:00:56]} Kf7 {[%emt 0:04:12]} 42. Kb3 {[%emt 0:00:24]} Ke7 {[%emt 0:00:18]} 43. Kc4 {[%emt 0:00:21]} Kd7 {[%emt 0:00:13]} 44. b4 {[%emt 0:02:49]} b6 {[%emt 0:06:02]} 45. b5 {[%emt 0:13:45]} a5 {[%emt 0:00:52]} 46. Bd2 {[%emt 0:00:25]} Kc7 {[%emt 0:00:38]} 47. Be1 {[%emt 0:13:47]} Kd7 {[%emt 0:00:06]} 48. Bg3 {[%emt 0:01:04]} Ke7 {[%emt 0:00:26]} 49. Bh2 {[%emt 0:03:34]} Kd7 {[%emt 0:00:13]} 50. Bg1 {[%emt 0:03:54]} Kc7 {[%emt 0:00:39]} 51. Be3 {[%emt 0:02:46]} Kd7 {[%emt 0:00:05]} 52. Bd2 {[%emt 0:00:17]} Kc7 {[%emt 0:00:20]} 53. Be3 {[%emt 0:01:52]} Kd7 {[%emt 0:00:05]} 54. d4 {[%emt 0:00:41]} exd4 {[%emt 0:01:11]} 55. cxd4 {[%emt 0:02:08]} cxd4 {[%emt 0:00:01]} 56. Bd2 {[%emt 0:01:21]} e5 {[%emt 0:02:15]} 57. Kd5 {[%emt 0:00:51]} Bd8 {[%emt 0:00:14]} 58. Bc1 {[%emt 0:00:17]} Bf6 {[%emt 0:00:07]} 59. Bb2 {[%emt 0:01:29]} Bd8 {[%emt 0:00:22]} 1/2-1/2

[Event "BAN-chT Golden Jubilee 2021-22"]
[Site "Dhaka"]
[Date "2022.03.14"]
[Round "5.10"]
[White "Sankalp Gupta"]
[Black "Erigaisi Arjun"]
[Result "1/2-1/2"]
[WhiteElo "2536"]
[BlackElo "2633"]
[Annotator "TA"]
[PlyCount "133"]
[EventDate "2022.03.10"]
[EventType "team-tourn"]
[EventCountry "BAN"]
[SourceTitle "playchess.com"]
[Source "ChessBase"]
[SourceQuality "1"]

{[%evp 9,133,33,22,37,28,23,9,9,0,-7,0,13,0,12,60,74,60,59,70,31,31,31,24,0,0,-8,25,0,0,0,6,6,4,0,64,33,24,33,28,-7,0,0,0,-25,0,0,0,0,0,0,0,0,0,0,0,0,0,0,0,0,0,-44,0,0,0,0,0,-637,0,0,0,-88,-88,-88,-88,-88,-70,-124,-115,-75,-51,-32,-55,-37,-39,-200,0,-38,-40,-35,-39,-47,-47,-70,-70,-310,-314,-272,-47,-47,-47,-53,0,0,0,0,0,-312,0,0,0,0,0,0,0,0,8,8,8,8,8,8,8,8,8,0]} 1. e4 e5 2. Nf3 Nc6 3. d4 exd4 4. Nxd4 Qf6 5. Nb3 Qg6 6. f3 {C45: Scotch Game.} Nf6 {[%cal Od7d5]} 7. Bf4 Bb4+ (7... d5 {with more complications.} 8. exd5 Nb4 9. Bb5+ c6 10. Qe2+ Be7) 8. c3 Be7 9. Qd2 {[#]} O-O $146 ({Predecessor:} 9... d6 10. c4 Nh5 11. Be3 Ne5 12. Nc3 Be6 13. Nb5 Bh4+ 14. Kd1 Bd8 15. Rc1 O-O {0-1 (62) Tagelsir,A (2232)-Saeed,I (2434) Sharjah 2018}) 10. c4 d6 11. Nc3 Ne5 (11... a5 $11 {might be stronger.}) 12. O-O-O $1 $14 Be6 13. Nd4 c5 (13... Nxc4 14. Bxc4 Bxc4 15. g4 $11) (13... Bxc4 $2 14. Nf5 Bd8 15. Bxe5 $18) 14. Nxe6 fxe6 15. Be3 Rad8 16. f4 Nfg4 {Pair of Knights!} 17. g3 (17. fxe5 $2 Nxe3 18. Kb1 (18. Qxe3 $2 Bg5 $19) 18... Nxd1 19. Nxd1 dxe5 $19) 17... Kh8 {[%cal Ob7b5]} 18. Bg1 (18. fxe5 $2 Nxe3 19. Kb1 (19. Qxe3 $2 Bg5 $19) 19... Nxd1 20. Qxd1 dxe5 $19) 18... Nf3 19. Qe2 Nxg1 20. Rxg1 Bf6 21. Bh3 h5 (21... Bxc3 $11 22. Qxg4 Bd4 23. Qxg6 hxg6) 22. Rd3 Bd4 23. Rf1 a6 {[%cal Ba7a6,Ba6b5,Bb5b4][%mdl 32]} 24. Bg2 Rb8 25. h3 Nf6 {[%cal Bg4f6,Bf6d7,Bd7c5,Bc5d3][%mdl 32]} 26. g4 b5 (26... hxg4 27. hxg4 Qxg4 28. Bh3 Qxe2 29. Nxe2 $14) 27. cxb5 axb5 28. g5 Nd7 29. h4 b4 30. Nb5 Rxb5 31. Rxd4 $1 cxd4 32. Qxb5 Nc5 33. Qc6 {[%cal Of4f5]} b3 34. axb3 {And now b4 would win.} Qf7 {Threatens to win with ...Qa7.} 35. b4 (35. Qxd6 $11 Rc8 36. Kb1 Nxb3 37. Qb4) 35... Nd3+ $15 36. Kd2 Nxf4 37. Qxd6 {[%cal Og5g6]} e5 38. Qxe5 {[%mdl 8192] [#]} (38. Bh3 $11) 38... Qb3 $2 39. Qxd4 $11 {[%cal Og5g6]} Qg3 40. Rf2 (40. Bf3 $1 $11 {keeps the balance.} Qxh4 41. Be2 Qxg5 42. Qe3) 40... Rc8 $1 $17 41. Bf1 {[%cal Og5g6]} Ne6 42. Qb6 Nc5 {Prevents Bd3.} (42... Qxh4 $6 43. Qe3 $11) 43. bxc5 Qxf2+ $15 {[%mdl 4096] Endgame KQR-KQB} 44. Be2 Qd4+ {[%mdl 1024] Black has strong compensation.} 45. Bd3 $1 Rd8 ({Inferior is} 45... Qf2+ 46. Be2 $17 (46. Kc3 $2 Rxc5+ 47. Kb3 Rc3+ 48. Kxc3 Qxb6 $19)) 46. Qb5 Qe5 $36 {[%mdl 2048] aiming for ...Rb8. Black has some pressure.} 47. b4 $2 {[#]} (47. Kd1 $1 $15) 47... Rb8 $2 (47... Qb2+ $1 $19 48. Kd1 Ra8) 48. Qa4 Qb2+ 49. Qc2 Qxb4+ 50. Qc3 {Qxb4 is the strong threat.} Qa4 51. g6 Qa2+ (51... Rb3 $2 52. Qe5 Qb4+ 53. Kc2 Rb2+ 54. Qxb2 $18) 52. Ke3 $2 {[#]} (52. Kd1 $15) 52... Qh2 $1 $19 53. c6 Qg1+ $2 ({Weaker is} 53... Qxh4 54. Qa5 $17) (53... Rf8 $19 {[%csl Gf8][%cal Rh2f2]} 54. Qc2 Qf4+ 55. Kd4 Qf6+ 56. Ke3 Qxg6) 54. Kd2 $1 $15 Qf2+ 55. Kd1 $1 Qxh4 ({Much worse is} 55... Rd8 56. c7 Qf3+ 57. Kc2 Qf2+ 58. Kd1 Qf1+ 59. Kc2 Qf2+ 60. Kd1 $11) ({Better is} 55... Qf3+ $15 56. Kc2 Qf2+ 57. Kd1 Qf3+ 58. Kd2 Qf2+ 59. Kd1) 56. c7 $11 Rc8 57. Qe5 {Black must now prevent Ba6.} Qg4+ 58. Kd2 $2 {[%mdl 8192]} (58. Kc2 $11 {and White has nothing to worry.} Qxg6 59. Bc4) 58... Qg2+ $2 ({Black should try} 58... Qxg6 $19 {Strongly threatening ...Qf7.} 59. Bc4 Qf6 60. Qxh5+ Qh6+ 61. Qxh6+ gxh6) 59. Kd1 {The board is on fire. The position is equal.} Qxg6 60. Bc4 {Prevents Qf7.} Qg4+ 61. Kc2 {Active counter play!} h4 62. Ba6 Rxc7+ 63. Qxc7 {Hoping for Qc8+.} Qxe4+ 64. Bd3 Qa4+ 65. Kd2 {White wants to mate with Qd8+.} Qb4+ 66. Ke2 {Qc8+ would kill now.} Qg4+ 67. Kf2 {Weighted Error Value: White=0.41/Black=0.37} 1/2-1/2

[Event "BAN-chT Golden Jubilee 2021-22"]
[Site "Dhaka"]
[Date "2022.03.14"]
[Round "5.11"]
[White "Gukesh D"]
[Black "Narayanan, Srinath"]
[Result "1/2-1/2"]
[WhiteElo "2614"]
[BlackElo "2553"]
[Annotator "TA"]
[PlyCount "73"]
[EventDate "2022.03.10"]
[EventType "team-tourn"]
[EventCountry "BAN"]
[SourceTitle "playchess.com"]
[Source "ChessBase"]
[SourceQuality "1"]

{[%evp 11,73,14,17,0,0,0,0,11,12,3,8,14,11,13,10,26,29,19,29,32,62,59,46,52,57,33,51,51,115,110,93,58,64,58,82,43,34,35,38,11,11,14,10,10,15,6,8,13,23,22,25,26,35,33,36,29,26,19,41,21,26,0,0,-37]} 1. d4 Nf6 2. c4 e6 3. Nf3 d5 4. Nc3 Bb4 5. Qa4+ Nc6 6. e3 O-O 7. Qc2 {D38: Queen's Gambit Declined: Ragozin Defence (4 Nf3 Bb4).} Re8 8. Bd2 Bf8 $1 {8...Bf8 scores better than 8...a6.} 9. Be2 Nb4 10. Qb1 dxc4 11. Bxc4 c5 12. dxc5 Bxc5 13. O-O b6 14. a3 Nc6 15. Ne4 Nxe4 16. Qxe4 Bb7 {[#] aiming for ...Na5.} 17. Bc3 $36 {[%cal Bd2c3,Bc3b2,Bb2d4][%mdl 2080] White has good play.} Bf8 18. Rfd1 ({Don't play} 18. Bd3 f5 19. Qc4 Na5 20. Bxa5 bxa5 $11) (18. Rad1 $5 {[%cal Rd1d8]} Na5 19. Qg4 $14 (19. Rxd8 Bxe4 20. Rxa8 Rxa8 $11)) 18... Qe7 19. Bd3 {[%csl Gd3][%cal Re4h7] [#]} f5 $146 (19... g6 $1 $14) ({Predecessor:} 19... g6 20. Bb5 Qc5 21. Bxc6 Bxc6 22. Qf4 Qf5 23. Qe5 Qxe5 24. Nxe5 Rec8 25. Nxc6 Rxc6 {½-½ (32) Postny,E (2652)-Gajewski,G (2643) Germany 2014}) 20. Qf4 $16 Na5 21. b4 {White is more active.} Rac8 $1 {[#] Hoping for ...Nb3.} 22. Bb2 Bxf3 23. Qxf3 Nc4 24. Bd4 g6 25. Rdc1 Nd6 26. Ba6 {This bishop pair is nice.} Rcd8 27. Be5 Bg7 28. Bxd6 Rxd6 29. Ra2 {[%cal Ba1a2,Ba2c2,Bc2c6][%mdl 32]} Red8 30. g3 e5 31. e4 fxe4 32. Qxe4 Rd4 33. Qe2 e4 34. Rac2 Be5 35. Rc6 Kg7 36. h4 Qf7 37. R6c2 {To avoid Rd2.  Weighted Error Value: White=0.07 (flawless) /Black=0.07 (flawless)} 1/2-1/2

[Event "BAN-chT Golden Jubilee 2021-22"]
[Site "Dhaka"]
[Date "2022.03.14"]
[Round "5.12"]
[White "Sultana, Sharmin Shirin"]
[Black "Mohammad Fahad, Rahman"]
[Result "0-1"]
[WhiteElo "1998"]
[BlackElo "2409"]
[Annotator "ChessBase"]
[PlyCount "76"]
[EventDate "2022.03.10"]
[EventType "team-tourn"]
[EventCountry "BAN"]
[SourceTitle "playchess.com"]
[Source "ChessBase"]
[SourceQuality "1"]
[TimeControl "40/5400+30:1800+30"]

1. d4 {[%emt 0:06:04]} d5 {[%emt 0:02:10]} 2. Nf3 {[%emt 0:05:13]} Nf6 {[%emt 0:00:59]} 3. c4 {[%emt 0:00:14]} e6 {[%emt 0:00:56]} 4. Nc3 {[%emt 0:00:40]} a6 {[%emt 0:03:03]} 5. cxd5 {[%emt 0:02:48]} exd5 {[%emt 0:00:37]} 6. Bg5 {[%emt 1:18:31]} c6 {[%emt 0:00:47]} 7. e3 {[%emt 0:00:00]} Be6 {[%emt 0:00:20]} 8. Bd3 {[%emt 0:00:00]} Nbd7 {[%emt 0:01:15]} 9. Qc2 {[%emt 0:00:00]} Bd6 {[%emt 0:00:56]} 10. O-O {[%emt 0:00:00]} Qc7 {[%emt 0:00:32]} 11. e4 {[%emt 0:00:00]} dxe4 {[%emt 0:00:19]} 12. Nxe4 {[%emt 0:00:00]} Nxe4 {[%emt 0:08:17]} 13. Bxe4 {[%emt 0:00:00]} h6 {[%emt 0:00:20]} 14. Bh4 {[%emt 0:00:00]} O-O {[%emt 0:01:06]} 15. Rfd1 {[%emt 0:00:00]} Nb6 {[%emt 0:06:49]} 16. Bg3 {[%emt 0:00:00]} Bxg3 {[%emt 0:04:18]} 17. hxg3 {[%emt 0:00:00]} Rad8 {[%emt 0:00:22]} 18. Qc5 {[%emt 0:00:00]} Nd7 {[%emt 0:02:37]} 19. Qa3 {[%emt 0:00:00]} Nf6 {[%emt 0:00:29]} 20. Bc2 {[%emt 0:00:00]} Rd6 {[%emt 0:04:36]} 21. b4 {[%emt 0:00:00]} Rfd8 {[%emt 0:05:56]} 22. Rd2 {[%emt 0:00:00]} Bg4 {[%emt 0:16:56]} 23. Rad1 {[%emt 0:00:00]} Qb6 {[%emt 0:12:12]} 24. Qb2 {[%emt 0:00:00]} Qb5 {[%emt 0:01:55]} 25. a4 {[%emt 0:00:00]} Qh5 {[%emt 0:02:14]} 26. Qa3 {[%emt 0:00:57]} Rd5 {[%emt 0:03:18]} 27. Qe3 {[%emt 0:03:16]} Re8 {[%emt 0:06:24]} 28. Qf4 {[%emt 0:02:03]} g5 {[%emt 0:01:17]} 29. Qc7 {[%emt 0:03:48]} Rd7 {[%emt 0:01:55]} 30. Qb6 {[%emt 0:00:03]} Bxf3 {[%emt 0:01:02]} 31. gxf3 {[%emt 0:00:02]} Rde7 {[%emt 0:02:20]} 32. Rf1 {[%emt 0:02:11]} Qxf3 {[%emt 0:00:36]} 33. Qc5 {[%emt 0:00:18]} Nd5 {[%emt 0:01:39]} 34. Rd3 {[%emt 0:00:38]} Qg4 {[%emt 0:05:27]} 35. Bd1 {[%emt 0:00:16]} Qf5 {[%emt 0:00:51]} 36. Rf3 {[%emt 0:00:22]} Qh3 {[%emt 0:00:14]} 37. Bb3 {[%emt 0:00:50]} Nf4 {[%emt 0:01:51]} 38. Rxf4 {[%emt 0:00:40]} gxf4 {[%emt 0:00:10]} 0-1